000 00835nam a2200193 i 4500
001 124812
003 ES-MaACL
005 20230906192513.0
007 t|
008 070420s1931 sp ||||1| spa d
110 2 _aComisión Asesora Nacional Patronal y Obrera (España)
_93007
245 1 0 _aLabor del Pleno (14-16 de julio de 1931)
_b: resumen de las sesiones celebradas, acuerdos, documentación anexa /
_cComisión Asesora Nacional Patronal y Obrera.
260 _aMadrid :
_b[s.n.],
_c1931 (
_fImprenta y Encuadernación de los Sobrinos de la Sucesora de M. Minuesa de los Ríos)
300 _a259 p. ;
_c23 cm.
490 1 _aPublicaciones del Instituto Nacional de Previsión ;
_v278
830 0 _aPublicaciones del Instituto Nacional de Previsión ;
_v278
_9181151
852 _aES-MaACL
_jC-12633(1)
999 _c124812
_d124812